000 00316nam a22001457a 4500
008 210526b ||||| |||| 00| 0 eng d
020 _a9781587656774
041 _aeng
080 _26th
_a610
082 _a610
100 _a4
101 _aSHM
245 _aMagill's Medical Guide
_cBrown,B.P
942 _2udc
_cBK
999 _c57631
_d57631